[Event "2nd Asian Nations Team Cup U14 2019"]
[Site "Shenzhen"]
[Date "2019.12.23"]
[Round "6.14"]
[White "Foo, Jiu Yarng Clarance"]
[Black "Kannappan, Thanneermalai"]
[Result "1-0"]
[WhiteElo "1654"]
[BlackElo "1495"]
[Annotator "NA RC"]
[PlyCount "65"]
[EventDate "2019.12.19"]
[EventType "team-tourn"]
[EventCountry "CHN"]
[SourceTitle "playchess.com"]
[Source "ChessBase"]
[SourceQuality "1"]
[WhiteTeam "Malaysia"]
[BlackTeam "Hong Kong"]
[WhiteTeamCountry "MAS"]
[BlackTeamCountry "HKG"]
[TimeControl "5400+30"]

1. d4 {[%emt 0:00:00]} Nf6 {[%emt 0:00:00]} 2. c4 {[%emt 0:00:00]} e6 {[%emt 0:00:00]} 3. Nc3 {[%emt 0:00:00]} Bb4 {[%emt 0:00:00]} 4. a3 {[%emt 0:00:20]} Bxc3+ {[%emt 0:00:00]} 5. bxc3 {[%emt 0:00:05]} c5 {[%emt 0:00:21]} 6. Nf3 {[%emt 0:00:25]} b6 {[%emt 0:00:33]} 7. Bf4 {[%emt 0:01:47]} Bb7 {[%emt 0:00:12]} 8. e3 {[%emt 0:00:16]} O-O {[%emt 0:01:55]} 9. Be2 {[%emt 0:00:15]} d5 {[%emt 0:01:54]} 10. O-O {[%emt 0:00:53]} Ne4 {[%emt 0:00:40]} 11. Qb3 {[%emt 0:01:08]} Nd7 {[%emt 0:02:54]} 12. Rfd1 {[%emt 0:02:20]} Qe7 {[%emt 0:07:43]} 13. Rac1 {[%emt 0:03:38]} Rac8 {[%emt 0:07:31]} 14. cxd5 {[%emt 0:01:41]} exd5 {[%emt 0:04:53]} 15. c4 {[%emt 0:01:50]} Ba6 {[%emt 0:12:53]} 16. dxc5 {[%emt 0:01:29]} Ndxc5 {[%emt 0:00:24]} 17. Qb4 {[%emt 0:05:02]} Rfd8 {[%emt 0:06:56]} 18. Nd4 {[%emt 0:04:19]} dxc4 {[%emt 0:04:56]} 19. Bxc4 {[%emt 0:04:09]} Bxc4 20. Qxc4 {[%emt 0:04:09]} Qd7 {[%emt 0:17:14]} 21. f3 {[%emt 0:21:05]} Nf6 {[%emt 0:00:47]} 22. Qe2 {[%emt 0:01:50]} Qa4 {[%emt 0:04:08]} 23. Bg5 {[%emt 0:15:55]} Rd6 {[%emt 0:03:45]} 24. Nf5 {[%emt 0:02:14]} Rxd1+ {[%emt 0:01:33]} 25. Rxd1 {[%emt 0:00:16]} Re8 {[%emt 0:01:08]} 26. Bxf6 {[%emt 0:03:13]} gxf6 {[%emt 0:00:03]} 27. Qe1 {[%emt 0:05:45]} Kh8 {[%emt 0:00:26]} 28. Nh6 {[%emt 0:04:49]} Rxe3 {[%emt 0:00:49]} 29. Rd8+ {[%emt 0:00:55]} Kg7 {[%emt 0:00:13]} 30. Rg8+ {[%emt 0:00:14]} Kxh6 {[%emt 0:00:08]} 31. Qxe3+ {[%emt 0:00:09]} Kh5 {[%emt 0:00:10]} 32. g4+ {[%emt 0:00:13]} Kh4 {[%emt 0:00:03]} 33. Qh6# {[%emt 0:00:09]} 1-0

[Event "2nd Asian Nations Team Cup U14 2019"]
[Site "Shenzhen"]
[Date "2019.12.23"]
[Round "6.15"]
[White "Liu, Fung Ming Mathew"]
[Black "Lee, Ryan"]
[Result "0-1"]
[WhiteElo "1493"]
[BlackElo "1615"]
[Annotator "NA RC"]
[PlyCount "72"]
[EventDate "2019.12.19"]
[EventType "team-tourn"]
[EventCountry "CHN"]
[SourceTitle "playchess.com"]
[Source "ChessBase"]
[SourceQuality "1"]
[WhiteTeam "Hong Kong"]
[BlackTeam "Malaysia"]
[WhiteTeamCountry "HKG"]
[BlackTeamCountry "MAS"]
[TimeControl "5400+30"]

1. e4 {[%emt 0:00:00]} c5 {[%emt 0:00:00]} 2. Nf3 {[%emt 0:00:00]} Nc6 {[%emt 0:00:00]} 3. d4 {[%emt 0:00:00]} cxd4 {[%emt 0:00:00]} 4. Nxd4 {[%emt 0:00:00]} g6 {[%emt 0:00:00]} 5. Nc3 {[%emt 0:00:10]} Bg7 {[%emt 0:00:00]} 6. Be3 {[%emt 0:00:21]} Nf6 {[%emt 0:00:00]} 7. f3 {[%emt 0:00:09]} O-O {[%emt 0:00:11]} 8. g4 {[%emt 0:00:10]} Qb6 {[%emt 0:07:13]} 9. a3 {[%emt 0:02:37]} Nxe4 {[%emt 0:06:06]} 10. fxe4 {[%emt 0:17:25]} Nxd4 {[%emt 0:04:10]} 11. Na4 {[%emt 0:14:32]} Nxc2+ {[%emt 0:00:45]} 12. Qxc2 {[%emt 0:01:06]} Qxe3+ {[%emt 0:00:07]} 13. Be2 {[%emt 0:00:42]} d6 {[%emt 0:02:28]} 14. h3 {[%emt 0:04:42]} Be6 {[%emt 0:04:12]} 15. Nc3 {[%emt 0:03:57]} Rac8 {[%emt 0:02:53]} 16. Rc1 {[%emt 0:05:16]} Bc4 {[%emt 0:01:00]} 17. Kd1 {[%emt 0:16:58]} Bh6 18. Ra1 {[%emt 0:02:11]} Bb3 {[%emt 0:03:07]} 19. Ke1 {[%emt 0:04:53]} Bxc2 {[%emt 0:00:07]} 20. Kf1 {[%emt 0:06:11]} Bxe4 {[%emt 0:01:05]} 21. Rh2 {[%emt 0:01:05]} Bf4 {[%emt 0:00:48]} 22. Rf2 {[%emt 0:03:55]} Bg3 {[%emt 0:00:08]} 23. Nxe4 {[%emt 0:01:27]} Bxf2 {[%emt 0:00:12]} 24. Nxf2 {[%emt 0:00:10]} Rc1+ {[%emt 0:00:03]} 25. Rxc1 {[%emt 0:00:15]} Qxc1+ {[%emt 0:00:01]} 26. Kg2 {[%emt 0:00:49]} Qxb2 {[%emt 0:00:04]} 27. Bf3 {[%emt 0:00:14]} Rc8 {[%emt 0:00:06]} 28. Kg3 {[%emt 0:02:16]} Qxa3 {[%emt 0:00:11]} 29. Kg2 {[%emt 0:00:50]} Rc2 {[%emt 0:00:09]} 30. Be4 {[%emt 0:00:34]} Rd2 {[%emt 0:00:19]} 31. Kf1 {[%emt 0:02:57]} Qe3 {[%emt 0:00:07]} 32. Nh1 {[%emt 0:02:07]} Rd1+ {[%emt 0:00:16]} 33. Kg2 {[%emt 0:00:13]} Qxe4+ {[%emt 0:00:05]} 34. Kg3 {[%emt 0:00:24]} Qe3+ {[%emt 0:00:41]} 35. Kh4 {[%emt 0:00:57]} Rxh1 {[%emt 0:00:07]} 36. g5 {[%emt 0:00:12]} Qf4# {[%emt 0:00:01]} 0-1

[Event "2nd Asian Nations Team Cup U14 2019"]
[Site "Shenzhen"]
[Date "2019.12.23"]
[Round "6.16"]
[White "Foo, Jing Er Claire"]
[Black "Lee, Gerent Chak Yan"]
[Result "0-1"]
[WhiteElo "1546"]
[BlackElo "1450"]
[Annotator "NA RC"]
[PlyCount "110"]
[EventDate "2019.12.19"]
[EventType "team-tourn"]
[EventCountry "CHN"]
[SourceTitle "playchess.com"]
[Source "ChessBase"]
[SourceQuality "1"]
[WhiteTeam "Malaysia"]
[BlackTeam "Hong Kong"]
[WhiteTeamCountry "MAS"]
[BlackTeamCountry "HKG"]
[TimeControl "5400+30"]

1. d4 {[%emt 0:00:00]} Nf6 {[%emt 0:00:00]} 2. c4 {[%emt 0:00:00]} e6 {[%emt 0:00:00]} 3. Nf3 {[%emt 0:00:00]} d5 {[%emt 0:00:43]} 4. Bg5 {[%emt 0:00:17]} Be7 {[%emt 0:00:29]} 5. Nc3 {[%emt 0:00:07]} O-O {[%emt 0:00:37]} 6. e3 {[%emt 0:00:05]} b6 {[%emt 0:00:51]} 7. cxd5 {[%emt 0:00:14]} exd5 {[%emt 0:02:37]} 8. Bd3 {[%emt 0:00:12]} Bb7 {[%emt 0:00:53]} 9. O-O {[%emt 0:00:15]} Ne4 {[%emt 0:03:30]} 10. Bxe7 {[%emt 0:02:35]} Qxe7 {[%emt 0:00:12]} 11. Qc2 {[%emt 0:03:10]} Nd7 {[%emt 0:05:44]} 12. a4 {[%emt 0:05:49]} a6 {[%emt 0:13:48]} 13. Be2 {[%emt 0:13:07]} Rac8 {[%emt 0:04:13]} 14. Bd3 {[%emt 0:09:21]} h6 {[%emt 0:03:35]} 15. Rac1 {[%emt 0:04:23]} c5 {[%emt 0:00:50]} 16. Qe2 {[%emt 0:05:01]} Nxc3 17. Rxc3 {[%emt 0:01:11]} c4 {[%emt 0:01:55]} 18. Bf5 {[%emt 0:03:23]} g6 {[%emt 0:03:57]} 19. Bxd7 {[%emt 0:04:50]} Qxd7 {[%emt 0:00:39]} 20. Ra1 {[%emt 0:13:58]} b5 {[%emt 0:16:40]} 21. Ne5 {[%emt 0:00:00]} Qf5 {[%emt 0:09:32]} 22. g4 {[%emt 0:04:20]} Qe6 {[%emt 0:05:05]} 23. f4 {[%emt 0:05:28]} b4 {[%emt 0:01:21]} 24. Rcc1 {[%emt 0:00:52]} Kh7 {[%emt 0:01:16]} 25. Qf3 {[%emt 0:01:57]} Rg8 {[%emt 0:05:00]} 26. Kh1 {[%emt 0:04:20]} Rc7 {[%emt 0:04:14]} 27. f5 {[%emt 0:03:19]} gxf5 {[%emt 0:02:00]} 28. gxf5 {[%emt 0:00:16]} Qf6 {[%emt 0:00:39]} 29. Rg1 {[%emt 0:01:23]} Rxg1+ {[%emt 0:02:52]} 30. Rxg1 {[%emt 0:01:21]} c3 {[%emt 0:01:07]} 31. bxc3 {[%emt 0:00:58]} bxc3 {[%emt 0:00:05]} 32. Qg4 {[%emt 0:02:42]} Qg5 {[%emt 0:02:19]} 33. Qxg5 {[%emt 0:03:39]} hxg5 {[%emt 0:00:07]} 34. Rc1 {[%emt 0:00:41]} f6 {[%emt 0:00:34]} 35. Nd3 {[%emt 0:01:31]} Rc4 {[%emt 0:00:44]} 36. Nc5 {[%emt 0:01:54]} Bc8 {[%emt 0:00:19]} 37. e4 {[%emt 0:02:45]} dxe4 {[%emt 0:00:19]} 38. Nxe4 {[%emt 0:00:08]} Bb7 {[%emt 0:03:21]} 39. Kg1 {[%emt 0:01:35]} Bxe4 {[%emt 0:00:00]} 40. Kf2 Bxf5 {[%emt 0:00:00]} 41. Ke3 c2 {[%emt 0:00:00]} 42. d5 {[%emt 0:00:43]} Kg6 {[%emt 0:00:00]} 43. a5 {[%emt 0:00:31]} Kf7 {[%emt 0:00:00]} 44. d6 {[%emt 0:01:00]} Ke6 {[%emt 0:00:00]} 45. h4 {[%emt 0:00:22]} gxh4 {[%emt 0:00:00]} 46. d7 {[%emt 0:00:34]} Kxd7 {[%emt 0:00:00]} 47. Ke2 {[%emt 0:00:17]} Rb4 {[%emt 0:00:11]} 48. Rf1 {[%emt 0:01:44]} Rb1 {[%emt 0:00:18]} 49. Rxf5 {[%emt 0:00:19]} c1=Q {[%emt 0:00:09]} 50. Rd5+ {[%emt 0:00:05]} Ke6 {[%emt 0:00:07]} 51. Rd2 {[%emt 0:00:09]} Qf1+ {[%emt 0:00:43]} 52. Ke3 {[%emt 0:00:08]} Rb3+ {[%emt 0:00:14]} 53. Kd4 {[%emt 0:00:42]} Qf4+ {[%emt 0:00:10]} 54. Kc5 {[%emt 0:00:06]} Qb4+ {[%emt 0:00:07]} 55. Kc6 {[%emt 0:00:09]} Qc4# {[%emt 0:00:12]} 0-1

[Event "2nd Asian Nations Team Cup U14 2019"]
[Site "Shenzhen"]
[Date "2019.12.23"]
[Round "6.17"]
[White "Wang, Benchi"]
[Black "Wei, Jianzhou"]
[Result "0-1"]
[WhiteElo "1747"]
[BlackElo "1755"]
[Annotator "NA RC"]
[PlyCount "93"]
[EventDate "2019.12.19"]
[EventType "team-tourn"]
[EventCountry "CHN"]
[SourceTitle "playchess.com"]
[Source "ChessBase"]
[SourceQuality "1"]
[WhiteTeam "China"]
[BlackTeam "China"]
[WhiteTeamCountry "CHN"]
[BlackTeamCountry "CHN"]
[TimeControl "5400+30"]

1. d4 {[%emt 0:00:00]} d5 {[%emt 0:00:00]} 2. Bf4 {[%emt 0:00:00]} Nf6 {[%emt 0:00:00]} 3. e3 {[%emt 0:00:00]} e6 {[%emt 0:00:00]} 4. Nd2 {[%emt 0:00:05]} c5 {[%emt 0:00:44]} 5. c3 {[%emt 0:00:06]} Bd6 {[%emt 0:00:13]} 6. Bb5+ {[%emt 0:09:56]} Nc6 {[%emt 0:00:42]} 7. Bxc6+ {[%emt 0:00:21]} bxc6 {[%emt 0:00:08]} 8. Bxd6 {[%emt 0:00:05]} Qxd6 {[%emt 0:00:09]} 9. Ngf3 {[%emt 0:00:05]} Ba6 {[%emt 0:02:39]} 10. Qa4 {[%emt 0:00:21]} Bb5 {[%emt 0:01:21]} 11. Qa3 {[%emt 0:00:19]} Nd7 {[%emt 0:04:34]} 12. Nb3 {[%emt 0:00:25]} O-O {[%emt 0:05:19]} 13. Nxc5 {[%emt 0:01:20]} Nxc5 {[%emt 0:03:12]} 14. Qxc5 {[%emt 0:01:42]} Qc7 {[%emt 0:01:00]} 15. a4 {[%emt 0:00:55]} Ba6 {[%emt 0:01:05]} 16. b4 {[%emt 0:03:05]} Rfc8 {[%emt 0:00:32]} 17. Nd2 {[%emt 0:14:00]} Rab8 {[%emt 0:04:56]} 18. Nb3 {[%emt 0:07:36]} Bc4 {[%emt 0:00:10]} 19. Ra3 {[%emt 0:05:24]} Rb6 {[%emt 0:10:45]} 20. Nd2 {[%emt 0:02:41]} Bd3 {[%emt 0:01:29]} 21. f4 {[%emt 0:02:50]} a6 {[%emt 0:08:27]} 22. Kf2 {[%emt 0:01:16]} Rcb8 {[%emt 0:05:09]} 23. Rc1 {[%emt 0:02:16]} Bf5 {[%emt 0:07:21]} 24. c4 {[%emt 0:03:04]} Rxb4 {[%emt 0:00:03]} 25. cxd5 {[%emt 0:00:06]} Rb2 {[%emt 0:00:06]} 26. Ke1 {[%emt 0:02:03]} exd5 {[%emt 0:00:42]} 27. Qxc6 {[%emt 0:00:28]} Qe7 {[%emt 0:05:41]} 28. Rac3 {[%emt 0:01:21]} g6 {[%emt 0:05:19]} 29. g3 {[%emt 0:01:43]} Rxd2 {[%emt 0:03:47]} 30. Kxd2 {[%emt 0:00:54]} Qe4 {[%emt 0:04:10]} 31. Qc7 {[%emt 0:28:15]} Qg2+ {[%emt 0:01:04]} 32. Ke1 {[%emt 0:00:07]} Rb2 {[%emt 0:01:29]} 33. R3c2 {[%emt 0:01:07]} Qg1+ {[%emt 0:07:11]} 34. Ke2 {[%emt 0:00:14]} Qxh2+ {[%emt 0:00:46]} 35. Kd1 {[%emt 0:03:03]} Qg1+ {[%emt 0:00:17]} 36. Ke2 {[%emt 0:00:09]} Qg2+ {[%emt 0:00:31]} 37. Ke1 {[%emt 0:00:14]} Qxg3+ {[%emt 0:00:20]} 38. Ke2 {[%emt 0:00:21]} Qg2+ {[%emt 0:00:08]} 39. Ke1 {[%emt 0:00:03]} Rxc2 {[%emt 0:01:31]} 40. Rxc2 {[%emt 0:00:34]} Qxc2 {[%emt 0:01:49]} 41. Qd8+ {[%emt 0:00:23]} Kg7 {[%emt 0:00:06]} 42. Qxd5 {[%emt 0:00:05]} Qe4 {[%emt 0:02:32]} 43. Qb3 {[%emt 0:00:53]} Qb1+ {[%emt 0:01:19]} 44. Qxb1 {[%emt 0:00:10]} Bxb1 {[%emt 0:00:02]} 45. d5 {[%emt 0:00:24]} Be4 {[%emt 0:00:05]} 46. d6 {[%emt 0:00:04]} Kf6 {[%emt 0:00:04]} 47. d7 {[%emt 0:00:07] Ke5} 0-1

[Event "2nd Asian Nations Team Cup U14 2019"]
[Site "Shenzhen"]
[Date "2019.12.23"]
[Round "6.18"]
[White "Meng, Yihan"]
[Black "Zhang, Yuanxiao"]
[Result "1-0"]
[WhiteElo "1787"]
[BlackElo "1545"]
[Annotator "NA RC"]
[PlyCount "87"]
[EventDate "2019.12.19"]
[EventType "team-tourn"]
[EventCountry "CHN"]
[SourceTitle "playchess.com"]
[Source "ChessBase"]
[SourceQuality "1"]
[WhiteTeam "China"]
[BlackTeam "China"]
[WhiteTeamCountry "CHN"]
[BlackTeamCountry "CHN"]
[TimeControl "5400+30"]

1. e4 {[%emt 0:00:00]} e5 {[%emt 0:00:00]} 2. Nf3 {[%emt 0:00:00]} Nc6 {[%emt 0:00:00]} 3. Bc4 {[%emt 0:00:00]} Bc5 {[%emt 0:00:00]} 4. c3 {[%emt 0:00:00]} Nf6 {[%emt 0:00:00]} 5. d3 {[%emt 0:00:00]} d6 {[%emt 0:00:25]} 6. O-O {[%emt 0:00:00]} O-O {[%emt 0:00:10]} 7. Nbd2 {[%emt 0:00:15]} Be6 {[%emt 0:03:22]} 8. Bb3 {[%emt 0:00:22]} d5 {[%emt 0:09:56]} 9. Qe2 {[%emt 0:02:50]} Re8 {[%emt 0:07:07]} 10. exd5 {[%emt 0:01:40]} Bxd5 {[%emt 0:00:58]} 11. Ne4 {[%emt 0:00:38]} Nxe4 {[%emt 0:00:54]} 12. dxe4 {[%emt 0:00:21]} Bxb3 {[%emt 0:05:41]} 13. axb3 {[%emt 0:00:04]} a6 {[%emt 0:00:32]} 14. Bg5 {[%emt 0:01:08]} Qd6 {[%emt 0:05:54]} 15. Nh4 {[%emt 0:03:40]} Qe6 {[%emt 0:01:33]} 16. Nf5 {[%emt 0:03:21]} Qxb3 {[%emt 0:07:10]} 17. Bf6 {[%emt 0:07:42]} Qe6 {[%emt 0:14:45]} 18. Bxg7 {[%emt 0:00:29]} Ne7 {[%emt 0:02:28]} 19. Qf3 {[%emt 0:05:07]} c6 {[%emt 0:16:58]} 20. b4 {[%emt 0:04:50]} Bb6 {[%emt 0:00:23]} 21. h4 {[%emt 0:02:59]} Bc7 {[%emt 0:04:42]} 22. h5 {[%emt 0:01:07]} h6 {[%emt 0:00:30]} 23. Nxe7+ {[%emt 0:11:33]} Kxg7 {[%emt 0:01:09]} 24. Nf5+ {[%emt 0:00:07]} Kh7 {[%emt 0:00:14]} 25. Rfd1 {[%emt 0:00:23]} Red8 {[%emt 0:01:17]} 26. Qe3 {[%emt 0:01:37]} Rxd1+ {[%emt 0:06:13]} 27. Rxd1 {[%emt 0:00:02]} a5 {[%emt 0:01:50]} 28. bxa5 {[%emt 0:02:28]} Rxa5 {[%emt 0:01:01]} 29. Rd7 {[%emt 0:00:36]} Bb6 {[%emt 0:02:55]} 30. Qg3 {[%emt 0:01:52]} Qf6 {[%emt 0:01:38]} 31. Rd6 {[%emt 0:01:36]} Ra1+ {[%emt 0:02:28]} 32. Kh2 {[%emt 0:00:02]} Bxf2 {[%emt 0:01:01]} 33. Rxf6 {[%emt 0:02:17]} Bxg3+ {[%emt 0:00:13]} 34. Kxg3 {[%emt 0:00:02]} Ra3 {[%emt 0:00:36]} 35. Rxf7+ {[%emt 0:00:02]} Kh8 {[%emt 0:00:11]} 36. Rxb7 {[%emt 0:00:29]} Rxc3+ {[%emt 0:00:06]} 37. Kg4 {[%emt 0:00:02]} Rc4 {[%emt 0:00:56]} 38. Nxh6 {[%emt 0:00:07]} Rxe4+ {[%emt 0:00:29]} 39. Kf5 {[%emt 0:00:54]} Re2 {[%emt 0:00:29]} 40. g4 {[%emt 0:00:06]} Rd2 {[%emt 0:00:24]} 41. Nf7+ {[%emt 0:00:27]} Kg7 {[%emt 0:00:53]} 42. Nxe5+ {[%emt 0:01:02]} Kg8 {[%emt 0:00:52]} 43. h6 {[%emt 0:00:12]} Rd1 {[%emt 0:01:35]} 44. h7+ {[%emt 0:00:03]} 1-0

[Event "2nd Asian Nations Team Cup U14 2019"]
[Site "Shenzhen"]
[Date "2019.12.24"]
[Round "7.1"]
[White "Hou, Yifan b"]
[Black "Yin, Richard"]
[Result "1-0"]
[WhiteElo "2124"]
[BlackElo "1427"]
[Annotator "TA"]
[PlyCount "115"]
[EventDate "2019.12.19"]
[EventType "team-tourn"]
[EventCountry "CHN"]
[SourceTitle "playchess.com"]
[Source "ChessBase"]
[SourceQuality "1"]
[WhiteTeam "China"]
[BlackTeam "Hong Kong"]
[WhiteTeamCountry "CHN"]
[BlackTeamCountry "HKG"]

{[%evp 17,119,15,54,52,32,39,30,33,59,54,79,74,104,98,191,188,212,212,216,214,215,213,270,259,247,-27,-27,-27,-27,-27,-27,-27,-28,-59,-29,-40,-38,-165,-41,-70,-42,-27,-28,-35,-36,-43,0,0,222,222,222,218,221,221,239,246,240,218,240,229,296,310,320,318,343,352,476,373,624,429,491,424,370,364,372,367,354,345,378,378,556,507,790,775,859,850,1013,645,2910,2769,1377,1299,29973,29973,29973,29976,29976,29976,29978,29979,29979,29980,29978,29979]} 1. d4 d5 2. Nf3 Nf6 3. c4 e6 4. g3 c6 5. Qc2 Bd6 6. Bg2 O-O 7. O-O Nbd7 8. Nbd2 Re8 9. Rd1 Qc7 10. e4 {E01: Catalan: Early deviations} dxe4 11. Nxe4 Nxe4 12. Qxe4 {White has an edge.} Nf6 13. Qc2 c5 14. dxc5 (14. Bg5 Nd7 15. Be3 a6 16. a3 cxd4 17. Rxd4 e5 {1-0 (40) Stefanova,A (2464)-Rakhmangulova,A (2255) Antalya 2019}) 14... Bxc5 15. Bf4 $1 {[%cal Rf4c7]} e5 (15... Qe7 $16) 16. Bxe5 $1 $18 Rxe5 17. Nxe5 Qxe5 18. Rd8+ Bf8 {Hoping for ...Bf5.} 19. Qd2 $1 {[%cal Rd2b4][%mdl 1024] White has strong compensation.} Qc5 $146 ({Predecessor:} 19... Rb8 20. Qb4 Nd7 21. Re1 Qg5 22. Ree8 Qc1+ 23. Bf1 {1-0 (23) Yanayt,E (2190)-Brooks,C (2022) Dallas 2016}) 20. b4 Qc7 {and if ...Rb8 works, Black does fine.} 21. Re1 $2 (21. c5 $18) 21... Rb8 $1 $11 22. c5 {Qd6! is the strong threat.} Bd7 23. Rxb8 Qxb8 24. Qc2 Bc6 25. Bf1 a6 26. a4 Qc7 27. Qb3 {[#]} ({Better is} 27. b5 $1 $15 Bd5 28. bxa6) 27... Bd5 (27... a5 $1 $19 28. Bg2 axb4 29. Qxb4 Bxg2 30. Kxg2 Qc6+ 31. f3 Bxc5) 28. Bc4 $15 Bxc4 (28... Be4 {is more complex.} 29. a5 g6 30. Bf1 Bd5 31. Qe3 Qc6) 29. Qxc4 a5 30. bxa5 Qxa5 31. Rc1 $1 Nd7 {[%cal Rd7c5]} 32. c6 Ne5 $2 {[#]} (32... bxc6 $1 $11 33. Qxc6 Qd2) 33. c7 $1 $18 Nxc4 34. Rxc4 Qe1+ 35. Kg2 Qe6 36. c8=Q {[%mdl 4096] Endgame KQR-KQB} Qd5+ 37. f3 Qd2+ 38. Kh3 Qh6+ 39. Rh4 Qa6 {intending ...Qf1+.} 40. Qc4 {Threatens to win with Qxa6.} Qd6 41. Rd4 Qg6 42. Kg2 h6 $2 (42... Qf6 43. a5 Qe7) 43. Rd2 b6 44. Qc8 {aiming for Rd8!} Qg5 45. Re2 Qg6 46. Re8 Qd6 47. Qc2 Qb4 48. Rb8 Qd4 (48... Qd6 {was called for.}) 49. Qa2 {And now Qa3 would win.} Qc5 (49... Qd6 $142) 50. Rb7 Be7 51. Qb3 h5 52. Rxb6 Qd4 53. Rb8+ Kh7 54. Qc2+ ({And not} 54. Qxf7 Qd2+ 55. Kh3 Qd7+ 56. g4 hxg4+ 57. fxg4 Qd3+ 58. Kg2 Qe2+ 59. Kh3 (59. Qf2 Qxg4+ {[%mdl 64] Double Attack} 60. Kf1 Qd1+ 61. Qe1 Qf3+ 62. Qf2 Qd1+ 63. Qe1 Qf3+ 64. Qf2 Qd1+ $11) 59... Qe3+ 60. Kg2 Qe2+ {[%mdl 64] Double Attack} 61. Kh3 (61. Qf2 Qxg4+ {[%mdl 64] Double Attack} 62. Kf1 Qd1+ 63. Qe1 Qf3+ 64. Qf2 Qd1+ 65. Qe1 Qf3+ 66. Qf2 Qd1+ $11) 61... Qe3+ 62. Kg2 Qe2+ $11 {[%mdl 64] Double Attack}) 54... g6 55. Qb2 {White mates.} Bf6 56. Qxd4 Bxd4 57. a5 {[%cal Ba4a5,Ba5a6,Ba6a7][%mdl 32]} Be5 58. Rb4 {Played: Rb8-b7} 1-0

[Event "2nd Asian Nations Team Cup U14 2019"]
[Site "Shenzhen"]
[Date "2019.12.24"]
[Round "7.2"]
[White "Lam, Chun Yung Samuel"]
[Black "Wei, Jianzhou"]
[Result "0-1"]
[WhiteElo "1288"]
[BlackElo "1755"]
[Annotator "NA RC"]
[PlyCount "150"]
[EventDate "2019.12.19"]
[EventType "team-tourn"]
[EventCountry "CHN"]
[SourceTitle "playchess.com"]
[Source "ChessBase"]
[SourceQuality "1"]
[WhiteTeam "Hong Kong"]
[BlackTeam "China"]
[WhiteTeamCountry "HKG"]
[BlackTeamCountry "CHN"]
[TimeControl "5400+30"]

1. Nf3 {[%emt 0:00:00]} d5 {[%emt 0:00:00]} 2. g3 {[%emt 0:00:00]} Nf6 {[%emt 0:00:00]} 3. Bg2 {[%emt 0:00:00]} c6 {[%emt 0:00:01]} 4. O-O {[%emt 0:00:00]} Bf5 {[%emt 0:00:04]} 5. d3 h6 {[%emt 0:00:43]} 6. Nbd2 {[%emt 0:00:09]} e6 {[%emt 0:00:29]} 7. Qe1 {[%emt 0:00:08]} Be7 {[%emt 0:02:19]} 8. e4 {[%emt 0:00:09]} dxe4 {[%emt 0:03:37]} 9. dxe4 {[%emt 0:00:18]} Bh7 {[%emt 0:00:10]} 10. Qe2 {[%emt 0:01:16]} O-O {[%emt 0:02:12]} 11. Re1 {[%emt 0:00:54]} Nbd7 {[%emt 0:01:58]} 12. c3 {[%emt 0:00:29]} Nc5 {[%emt 0:01:53]} 13. e5 {[%emt 0:00:10]} Nd5 {[%emt 0:02:06]} 14. Nf1 {[%emt 0:03:59]} Qc7 {[%emt 0:06:44]} 15. h4 {[%emt 0:03:29]} Rad8 16. Nd4 {[%emt 0:01:25]} Nd3 {[%emt 0:10:58]} 17. Rd1 {[%emt 0:06:53]} Qxe5 {[%emt 0:03:20]} 18. Qg4 {[%emt 0:05:53]} Nf6 {[%emt 0:08:09]} 19. Qf3 {[%emt 0:00:55]} c5 {[%emt 0:06:45]} 20. Nb3 {[%emt 0:12:07]} Be4 {[%emt 0:08:24]} 21. Qe3 {[%emt 0:01:40]} c4 {[%emt 0:00:35]} 22. Nd4 {[%emt 0:01:24]} Bc5 {[%emt 0:02:08]} 23. Nd2 {[%emt 0:04:27]} Bxg2 {[%emt 0:03:39]} 24. Kxg2 {[%emt 0:12:49]} Qd5+ {[%emt 0:04:56]} 25. N2f3 {[%emt 0:00:51]} e5 {[%emt 0:01:04]} 26. Nf5 {[%emt 0:02:39]} Bxe3 {[%emt 0:04:31]} 27. Ne7+ {[%emt 0:00:06]} Kh8 {[%emt 0:00:57]} 28. Nxd5 {[%emt 0:00:04]} Bxc1 {[%emt 0:00:32]} 29. Nxf6 {[%emt 0:00:25]} Nf4+ {[%emt 0:03:17]} 30. gxf4 {[%emt 0:00:10]} Rxd1 {[%emt 0:00:02]} 31. Ne4 {[%emt 0:04:15]} exf4 {[%emt 0:01:51]} 32. Nd4 {[%emt 0:01:49]} Rd8 {[%emt 0:06:49]} 33. f3 {[%emt 0:00:21]} R1xd4 {[%emt 0:02:13]} 34. cxd4 {[%emt 0:00:35]} Bxb2 {[%emt 0:00:02]} 35. Rb1 {[%emt 0:02:08]} c3 {[%emt 0:00:17]} 36. Nxc3 {[%emt 0:00:22]} Bxc3 {[%emt 0:00:19]} 37. Rxb7 {[%emt 0:00:09]} Bxd4 {[%emt 0:01:05]} 38. Rxf7 {[%emt 0:00:19]} Be3 {[%emt 0:00:04]} 39. a4 {[%emt 0:00:49]} Rd2+ {[%emt 0:00:07]} 40. Kh3 {[%emt 0:00:04]} Ra2 {[%emt 0:00:06]} 41. Kg4 {[%emt 0:00:16]} Rxa4 {[%emt 0:00:16]} 42. Kf5 {[%emt 0:00:48]} Kh7 {[%emt 0:00:09]} 43. h5 {[%emt 0:01:20]} Ra5+ {[%emt 0:00:07]} 44. Kg4 {[%emt 0:00:12]} Rg5+ {[%emt 0:00:26]} 45. Kh4 {[%emt 0:00:29]} a5 {[%emt 0:00:04]} 46. Rf8 {[%emt 0:00:12]} Bf2+ {[%emt 0:00:36]} 47. Kh3 {[%emt 0:00:09]} Rxh5+ {[%emt 0:00:11]} 48. Kg4 {[%emt 0:00:12]} Rh4+ {[%emt 0:00:34]} 49. Kf5 {[%emt 0:00:32]} Be3 {[%emt 0:00:55]} 50. Ra8 {[%emt 0:01:40]} Rh5+ {[%emt 0:00:05]} 51. Kg4 {[%emt 0:00:11]} Rb5 {[%emt 0:00:04]} 52. Kh4 {[%emt 0:00:44]} h5 {[%emt 0:00:44]} 53. Ra6 {[%emt 0:00:31]} Bf2+ {[%emt 0:00:37]} 54. Kh3 {[%emt 0:00:11]} Be1 {[%emt 0:00:17]} 55. Ra7 {[%emt 0:01:05]} Rg5 {[%emt 0:00:55]} 56. Ra6 {[%emt 0:00:29]} Rg3+ {[%emt 0:00:15]} 57. Kh2 {[%emt 0:00:22]} Rxf3 {[%emt 0:00:06]} 58. Ra7 {[%emt 0:00:05]} Bg3+ {[%emt 0:00:12]} 59. Kg2 {[%emt 0:00:13]} Rf2+ {[%emt 0:00:05]} 60. Kg1 {[%emt 0:00:40]} Ra2 {[%emt 0:00:08]} 61. Rb7 {[%emt 0:00:58]} h4 {[%emt 0:00:12]} 62. Rb5 {[%emt 0:00:30]} Kg6 {[%emt 0:00:10]} 63. Rb6+ {[%emt 0:01:36]} Kg5 {[%emt 0:00:06]} 64. Rb1 {[%emt 0:00:17]} Kg4 {[%emt 0:00:05]} 65. Rd1 {[%emt 0:00:09]} f3 {[%emt 0:00:17]} 66. Kh1 {[%emt 0:02:00]} Rh2+ {[%emt 0:00:06]} 67. Kg1 {[%emt 0:00:06]} f2+ {[%emt 0:00:03]} 68. Kf1 {[%emt 0:00:04]} Rh1+ {[%emt 0:00:11]} 69. Kg2 {[%emt 0:00:05]} Rg1+ {[%emt 0:00:46]} 70. Rxg1 {[%emt 0:00:20]} fxg1=Q+ {[%emt 0:00:09]} 71. Kxg1 {[%emt 0:00:06]} Kf3 {[%emt 0:00:19]} 72. Kh1 {[%emt 0:00:06]} a4 {[%emt 0:00:12]} 73. Kg1 {[%emt 0:00:02]} a3 {[%emt 0:00:05]} 74. Kh1 {[%emt 0:00:02]} a2 {[%emt 0:00:03]} 75. Kg1 {[%emt 0:00:04]} a1=R# {[%emt 0:00:06]} 0-1